00783nam a22002537a 45000010005000000030006000050050017000110080041000280200018000690400029000870500015001160820011001311000023001422450025001652500024001902600035002143000022002495050007002715200159002785210019004375210018004566500023004746500032004974560FISKH20250305090836.0240916b cb ||||| |||| 00| 0 eng d a9780545208048 aFISKHbengcFISKHdFISKH aPZ7.B32615 2813.54 aBauer, Joand1951- aPeeled /cJoan Bauer aFirst printing 2009 aNew York :bScholastic,c2009. a248 pages :c20cm aP  aIn an upstate New York farming community, high school reporter Hildy Biddle investigates a series of strange occurrences at a house rumored to be haunted.8 a620L bLexile 8 aP bRaz-Plus  2JournalismaGhosts 2High schoolaHaunted houses